| 000 | 01362cam a22003254a 4500 | ||
|---|---|---|---|
| 001 | 12738667 | ||
| 003 | ARRUPE | ||
| 005 | 20131126110844.0 | ||
| 008 | 020412s2003 enk b 001 0 eng | ||
| 010 | _a 2002067378 | ||
| 020 | _a0521790964 (hbk) | ||
| 020 | _a0521790263 (pbk.) | ||
| 040 |
_aDLC _cDLC _dDLC |
||
| 042 | _apcc | ||
| 050 | 0 | 0 |
_aB2430.B344 _bC36 2003 |
| 082 | 0 | 0 |
_a194 _221 |
| 245 | 0 | 4 |
_aThe Cambridge companion to Simone de Beauvoir / _cedited by Claudia Card. |
| 260 |
_aCambridge, U.K. ; _aNew York : _bCambridge University Press, _c2003. |
||
| 300 |
_axxiv, 336 p. ; _c24 cm. |
||
| 504 | _aIncludes bibliographical references (p. 305-319) and index. | ||
| 600 | 1 | 0 |
_aBeauvoir, Simone de, _d1908-1986. _93774 |
| 700 | 1 |
_aCard, Claudia. _93775 |
|
| 856 | 4 | 1 |
_3Sample text _uhttp://www.loc.gov/catdir/samples/cam033/2002067378.html |
| 856 | 4 | 2 |
_3Publisher description _uhttp://www.loc.gov/catdir/description/cam022/2002067378.html |
| 856 | 4 | 1 |
_3Table of contents _uhttp://www.loc.gov/catdir/toc/cam024/2002067378.html |
| 856 | 4 | 2 |
_3Contributor biographical information _uhttp://www.loc.gov/catdir/enhancements/fy0731/2002067378-b.html |
| 906 |
_a7 _bcbc _corignew _d1 _eocip _f20 _gy-gencatlg |
||
| 942 |
_2lcc _cMONOGRAPH |
||
| 999 |
_c118668 _d118668 |
||